Carregant...

Career's studies in Indian history (modern India) /

Dades bibliogràfiques
Autor principal: Ajaz, S. M.
Altres autors: Phull, D S.
Format: Printed Book
Idioma:English
Publicat: New Delhi : Bright Career's Institute, 1998.
Edició:2 rev.
Col·lecció:v2
Matèries:
LEADER 00609nam a2200181Ia 4500
008 150624b xxu||||| |||| 00| 0 eng d
082 |a 954.076CS 
100 |a Ajaz, S. M. 
245 |a Career's studies in Indian history (modern India) /  |c S. M. Ajaz. 
250 |a 2 rev. 
260 |a New Delhi :  |b Bright Career's Institute,  |c 1998. 
300 |a 480 p. 
490 |a v2 
650 |a Civil service--Examinations 
700 |a Phull, D S. 
942 |c REF 
999 |c 49383  |d 49383 
952 |0 0  |1 0  |2 ddc  |4 0  |6 954_000000000000000_076CS_AJA_S  |7 0  |9 49361  |a UL  |b UL  |c REF  |d 1998-10-17  |o 954.076CS AJA/S  |p 71868  |r 2012-10-27  |v 95.00  |y REF